| 000 | 00393nam a2200157Ia 4500 | ||
|---|---|---|---|
| 003 | SGT | ||
| 020 | _a9788190749688 | ||
| 082 |
_a302 _bMIG |
||
| 100 | _aMiglani,Seema | ||
| 245 | _aCommunication skills-1 | ||
| 260 |
_bVayu Education of India _aNew Delhi _c2009 |
||
| 300 | _a156p. | ||
| 650 | _aENGLISH | ||
| 653 | _aPROCESS OF COMMUNICATION BARRIERS TO COMMUNICATIONN | ||
| 942 |
_2ddc _cBK _03 |
||
| 999 |
_c4934 _d4934 |
||